NFL Teams quiz (with map) - Statistics

General Stats
  • This quiz has been taken 397 times
  • The average score is 21 of 32
Answers on the Map
Answers color-coded by a green-red scale on the quiz's map according to % correct below.
 
Answer Stats
Answer % Correct
Seahawks
88%
49ers
86%
Raiders
81%
Texans
80%
Cardinals
76%
Broncos
75%
Dolphins
75%
Buccaneers
74%
Saints
74%
Chargers
72%
Chiefs
72%
Cowboys
71%
Vikings
69%
Bears
67%
Falcons
67%
Titans
67%
Jaguars
66%
Lions
66%
Panthers
66%
Packers
65%
Bills
63%
Browns
63%
Rams
62%
Patriots
61%
Colts
59%
Eagles
55%
Jets
53%
Steelers
53%
Commanders
52%
Ravens
50%
Bengals
48%
Giants
41%
No matching quizzes found
Score Distribution
Percent of People with Each Score
Percentile by Number Answered
Your Score History
You have not taken this quiz